Kỹ thuật lựa chọn dự án

Nội dung là một công nghệ quản lý kinh tế vĩ mô: các quy chế của Nhà nước, phương pháp tiếp cận và tiêu chuẩn để đánh giá nhằm thực hiện việc hoàn chỉnh công nghệ kinh tế và các dự án đầu tư nước ngoài trên cơ sở phân tích những...

全面介绍

Đã lưu trong:
书目详细资料
格式: 图书
语言:Undetermined
出版: Fulbright 2001
主题:
标签: 添加标签
没有标签, 成为第一个标记此记录!
Thư viện lưu trữ: Trung tâm Học liệu Trường Đại học Cần Thơ
LEADER 00919nam a2200157Ia 4500
001 CTU_155993
008 210402s9999 xx 000 0 und d
082 |a 339.43 
082 |b K600 
245 0 |a Kỹ thuật lựa chọn dự án 
260 |b Fulbright 
260 |c 2001 
520 |a Nội dung là một công nghệ quản lý kinh tế vĩ mô: các quy chế của Nhà nước, phương pháp tiếp cận và tiêu chuẩn để đánh giá nhằm thực hiện việc hoàn chỉnh công nghệ kinh tế và các dự án đầu tư nước ngoài trên cơ sở phân tích những vấn đề tài chính và kinh tế 
650 |a Economic development projects,Investments,Dự án phát triển kinh tế,Đầu tư 
904 |i Trọng Hiếu 
980 |a Trung tâm Học liệu Trường Đại học Cần Thơ